000
00332nam a2200133Ia 4500
999
_c
8197
_d
8197
008
191201s2018 xx 000 0 und d
082
_a
612 KUB
100
_a
KUMAR,N
245
0
_a
Basic Anatomy and Physiology
260
_b
AITBS pub
_a
New Delhi
_c
2018
300
_a
314
650
_a
Human Anatomy & Physiology
942
_2
ddc
_c
BK
_0
6